000
00191 a2200097 4500
001
8401
100
_a
Boerw, G
245
_a
Borrow selections
260
_a
_b
Oxford
_c
090
_c
6771
_d
6771
942
_a
NUST-CAE
_c
M
_c
33346
999
_c
243474
_d
243474